Регионална библиотека "Любен Каравелов" - Русе

Nouveau guide de Carlsbad (Запис номер 412711)

MARC детайли
000 -Лидер
Контролно поле с фиксирана дължина nam a22 a 4500
003 - Код на организацията, давaща контролен номер
Контролно поле BLK
005 - Дата и час на последна редакция
Контролно поле 20210505165903.0
008 - Елементи от данни с фиксирана дължина
fixed length control field 210505b bu |||||r|||| 00| | bu d
040 ## - Източник на каталожния запис
Идентификатор на билиотеката - собственик на записа BLK
041 ## - Код за език
Код за езика на текст/звукозапис или на отделно заглавие Френски
Код за езика КДБФ Френски
080 ## - УДК
Текстов определител УДК Хидротерапия (водотерапия). Балнеолечение. Курортотерапия - Лечение с бани, горещи бани, сауна, хладни бани, речно къпане, влажни фрикции, компреси, с "жива вода"(алкално активирана, с ph 9, 6;курорт
УДК код - определител по УДК 615.838
УДК - код + определител 615.838
100 ## - Редна дума - Автор
R(LIN) 1299
Автор Pichler, Wilhelm
Авторска отговорност първи автор
139 ## - Редно поле
Редна дума Pichler, Wilhelm
245 ## - Сведения за заглавието
Заглавие Nouveau guide de Carlsbad
Подзаглавни данни topographie et histoire de la ville thermale, appréciation médicale des thermes et de la cure, hygiène balnéaire
Редно поле (дума) Wilhelm Pichler
250 ## - Област на изданието
Сведения за изданието 2. ed.
260 ## - Област на издателските данни
9 (RLIN) 452138
Място на издаване, разпространение и проч. Carlsbad
Име на издателя, разпространителя и проч. H. Feller
Година на издаване 1880
300 ## - Физическа характеристика
Страници 211 с.
Размери/Мащаб 16 см
380 ## - Жанр
Жанр Медицина
490 ## - СЕРИИ (Колекции)
9 (RLIN) 452139
Име на серия Feller's Bade- und Reise-Bibliothek
№: серия 6
490 ## - СЕРИИ (Колекции)
9 (RLIN) 435080
Име на серия Колекция Редки и ценни издания
650 #0 - Допълнително описание по предмет – тема
9 (RLIN) 421627
Основно описание – тема или топоним Курорти
653 #7 - Ключова дума – ненормативна
9 (RLIN) 189579
Ключова дума курорти
653 #0 - Ключова дума – ненормативна
9 (RLIN) 452140
Ключова дума Карлсбад
852 ## - Местоположение
Форматна сигнатура Рф 880
Фондова буква Редки и ценни
999 ## - СИСТЕМНИ КОНТРОЛНИ НОМЕРА
Koha biblionumber 412711
Koha biblioitemnumber 412711
942 ## - АРТИКУЛИ
Вид на библиотечния материал Книги
Скрит в OPAC Не
Периодичен библиозапис Да
944 ## - СЪЗДАВАНЕ И РЕДАКЦИЯ на ЗАПИСА
Създаване/Редакция Създаване
Дата на регистрацията/редакция 2021-05-05
Служител, извършил регистрацията/редакцията Христина Везирева
Наличности
Код за отписване Код за изгубен артикул Източник на класификационната схема Код за повреда Коз за рестрикции Код за отдаване Артикулен № Име на библиотеката - собственик Име на библиотеката, в която се намира в момента Статус (Текущо местоположение) Дата на вписване в системата Местоположение - отдел Цена в лева Инвентарен номер Систематично азбучна сигнатура Баркод Цена в евро Служебен тип на артикула
  Не е изгубен Universal Decimal Classification Не е повреден само за читалня Специални фондове ( старопечатни, редки и ценни, фонд М. Арнаудов) 854886 Регионална библиотека "Любен Каравелов" Русе Регионална библиотека "Любен Каравелов" Русе Редки и ценни 2021-09-24 Редки и ценни 0.42 18156 Рф 880 900000056295 0.21 Книги
Vip Innovations Ltd, Rousse, Bulgaria 2025